राष्ट्रवादी व्यक्तित्व दीनदयाल उपाध्याय / (Record no. 148901)
[ view plain ]
| 000 -LEADER | |
|---|---|
| fixed length control field | 01228nam a22002417a 4500 |
| 005 - DATE AND TIME OF LATEST TRANSACTION | |
| control field | 20250404154225.0 |
| 010 ## - LCCN (DPL NO) | |
| LC control number | B-666846 HIN-129631 |
| 020 ## - INTERNATIONAL STANDARD BOOK NUMBER | |
| International Standard Book Number | 9789380458748 |
| Terms of availability | 400.00 |
| 020 ## - INTERNATIONAL STANDARD BOOK NUMBER | |
| Terms of availability | 500.00 |
| 035 ## - SYSTEM CONTROL NUMBER | |
| System control number | B-666846 HN-101977 |
| 037 ## - SOURCE OF ACQUISITION | |
| Source of stock number/acquisition | DBAD/PUB. |
| 037 ## - SOURCE OF ACQUISITION | |
| Source of stock number/acquisition | KBD/VEN |
| 082 ## - DEWEY DECIMAL CLASSIFICATION NUMBER | |
| Classification number | 921 |
| 100 ## - MAIN ENTRY--PERSONAL NAME | |
| Personal name | सिंह,शरद |
| 245 ## - TITLE STATEMENT | |
| Title | राष्ट्रवादी व्यक्तित्व दीनदयाल उपाध्याय / |
| Statement of responsibility, etc | शरद सिंह |
| 246 ## - VARYING FORM OF TITLE | |
| Title proper/short title | Deendayal Upadhyay |
| 260 ## - PUBLICATION, DISTRIBUTION, ETC. (IMPRINT) | |
| Place of publication, distribution, etc | नई दिल्ली |
| Name of publisher, distributor, etc | सामयिक बुक्स |
| Date of publication, distribution, etc | 2017 |
| 260 ## - PUBLICATION, DISTRIBUTION, ETC. (IMPRINT) | |
| Date of publication, distribution, etc | 2023 |
| 270 ## - ADDRESS | |
| Address | 3320-21, जटवाड़ा, नेताजी सुभाष मार्ग दरियागंज |
| City | नई दिल्ली |
| State or province | दिल्ली |
| Postal code | 110002 |
| Telephone number | 011-23282733, 09811607086, 09868934715 |
| Fax number | 011-23270715, |
| 300 ## - PHYSICAL DESCRIPTION | |
| Extent | 176पृ |
| Dimensions | 22सेमी (सजिल्द) |
| 942 ## - ADDED ENTRY ELEMENTS (KOHA) | |
| Institution code [OBSOLETE] | dpl |
| Item type | Hindi Books |
| Source of classification or shelving scheme | Dewey Decimal Classification |
| Classification part | 921 |
| Call number suffix | शरद |
| Withdrawn status | Lost status | Not for loan | Collection code | Home library | Current library | Date acquired | Source of acquisition | Cost, normal purchase price | Full call number | Barcode | Copy number | Cost, replacement price | Koha item type |
|---|---|---|---|---|---|---|---|---|---|---|---|---|---|
| Non-fiction | Ashok Vihar | Ashok Vihar | 06/01/2018 | KBD/BL21/04.03.17/605/16.02.17/10.03.17 | 400.00 | 921 शरद | B-666846 | 1 | 400.00 | Hindi Books | |||
| Non-fiction | Patel Nagar | Patel Nagar | 04/04/2025 | DBAD | 500.00 | 921 शरद | HN-101977 | 1 | 500.00 | Hindi Books |
